000 00341nam a22001337a 4500
999 _c54999
_d54999
008 200204b ||||| |||| 00| 0 eng d
041 _aeng
080 _2043.3
_a043.3
082 _2
_a043.3
100 _a0
101 _aBTH
245 _aEfekti i Strategjisë së Shpërblimit në performancën e punonjësve
_cShala,F
942 _2udc
_cBK